000
002830000a22001090004500
090
_a
AR
_b
02496
245
1
0
_a
Revision of the genus Cyathea
041
0
_a
Inglés
100
1
_a
Tryon, Rolla
_9
93908
942
_c
ARTICULO
773
1
_t
Gray Herbarium of Harvard University
_h
206
_q
19-98
_d
1976
999
_c
13157
_d
13157